01565nam a22001937a 4500003001000000005001700010008004100027020001800068040001400086100003500100245007600135260004000211300001200251500010300263520092600366650001401292654001501306700005001321IT-MiCISF20260109122622.0260109b |||||||| |||| 00| 0 eng d a9788817188104 cIT-MiCISF aGerolin Alessandra (a cura di) aAbitare il nostro tempo.bVivere senza paura nell'età dell'incertezza aMilano, bRizzoli-Mondadori, c2024 app. 138 asocietà, cambiamento, cristianesimo, rapporti-sociali, politica, filosofia, teologia, esperienze aUn intenso dialogo fra tre grandi personalità religiose e filosofiche – Julián Carrón, Charles Taylor e Rowan Williams – è l’occasione preziosa per tornare a parlare del nostro presente, un periodo storico caratterizzato da profondi mutamenti che generano in tutti noi timori e riflessioni. Dal momento che il mondo in cui viviamo ci pone quotidianamente di fronte all’incertezza, è doveroso provare a trovare delle risposte e chiedersi come si possa vivere con pienezza nell’età secolare. Questo dialogo propone quindi un percorso in grado di fornire punti di vista e prospettive differenti, una riflessione sui valori umani e sullo spazio che possono avere nella realtà attuale, sul senso della fede nella contemporaneità, sul desiderio, sulla libertà e il modo di viverla, sull’amicizia, per trovare infine un cammino comune, qualificato dall’incontro con l’altro pur nelle divergenze aSocietà aintervista aCarron Julian, Taylor Charles, Williams Rowan